[Event "Madrid San Viator op-B 30th"]
[Site "Madrid"]
[Date "2018.05.06"]
[Round "4"]
[White "Garcia Lafuente, Luis"]
[Black "Mora Gonzalez Rojas, Francisco"]
[Result "1-0"]
[WhiteElo "1577"]
[BlackElo "1296"]
[PlyCount "121"]
[EventDate "2018.04.08"]
[EventType "swiss"]
[EventRounds "9"]
[EventCountry "ESP"]
[SourceTitle "EXT 2019"]
[Source "ChessBase"]
[SourceDate "2018.10.10"]
[SourceVersion "1"]
[SourceVersionDate "2018.10.10"]
[SourceQuality "1"]

1. d4 d5 2. Bf4 Nf6 3. e3 e6 4. Nd2 Bb4 5. c3 Ba5 6. Qa4+ Nc6 7. Bb5 Bb6 8. Ngf3 0-0 9. Bd3 Bd7 10. Qc2 g6 11. Ne5 Nxe5 12. dxe5 Nh5 13. Bh6 Ng7 14. h4 Re8 15. Bg5 Qc8 16. g4 Kh8 17. Bf6 Kg8 18. h5 Bc5 19. hxg6 fxg6 20. Bxg6 hxg6 21. Qxg6 Bf8 22. Rh7 Re7 23. Bxe7 Qe8 24. Qxe8 Rxe8 25. Bxf8 Kxf8 26. Rxg7 Kxg7 27. Ke2 Bb5+ 28. Kf3 Rf8+ 29. Kg3 Rh8 30. Nb3 Bc6 31. Nd4 Bd7 32. b4 b5 33. Nb3 Kf7 34. Nc5 Bc8 35. Rf1 c6 36. f4 Rg8 37. Rh1 Rg7 38. Rh8 Rg8 39. Rxg8 Kxg8 40. Kh4 Kg7 41. Kg5 Kf7 42. Kh6 Kg8 43. Kg6 Kf8 44. Kf6 Ke8 45. g5 Kf8 46. Nxe6+ Kg8 47. f5 Bd7 48. Nc5 Be8 49. g6 Kf8 50. Ne6+ Kg8 51. Ke7 Bxg6 52. fxg6 a6 53. Nf4 Kg7 54. Kd7 Kf8 55. e6 Kg8 56. e7 Kg7 57. e8Q Kh6 58. Ke6 Kg7 59. Qf7+ Kh6 60. Qh7+ Kg5 61. Qh5# 1-0

[Event "Madrid San Viator op-B 29th"]
[Site "Madrid"]
[Date "2017.11.12"]
[Round "9"]
[White "Jimenez Perez, Federico"]
[Black "Mora Gonzalez Rojas, Francisco"]
[Result "1/2-1/2"]
[WhiteElo "1381"]
[BlackElo "1274"]
[PlyCount "158"]
[EventDate "2017.09.17"]
[EventType "swiss"]
[EventRounds "9"]
[EventCountry "ESP"]
[SourceTitle "EXT 2019"]
[Source "ChessBase"]
[SourceDate "2018.10.10"]
[SourceVersion "1"]
[SourceVersionDate "2018.10.10"]
[SourceQuality "1"]

1. e4 e5 2. Nf3 d6 3. Bc4 h6 4. Nc3 Bg4 5. h3 Bh5 6. g4 Bg6 7. d3 Nf6 8. g5 hxg5 9. Nxg5 Be7 10. Be3 Nh5 11. Qf3 Bxg5 12. 0-0-0 Bxe3+ 13. fxe3 0-0 14. Rhg1 Kh8 15. Ne2 Qf6 16. Qg4 Nc6 17. Rdf1 Qe7 18. Ng3 Nxg3 19. Rxg3 Rg8 20. h4 Raf8 21. h5 Bh7 22. Rgf3 Nd8 23. Rh1 Ne6 24. Rg3 Qf6 25. Rf3 Qg5 26. Bxe6 Qxg4 27. Bxg4 g6 28. Rf6 gxh5 29. Bxh5 Rg7 30. b4 Kg8 31. a4 Bg6 32. Bg4 Rh7 33. Rhf1 Kg7 34. R1f3 Kh8 35. c4 Bh5 36. R3f4 Bxg4 37. Rxg4 Rg7 38. Rh6+ Rh7 39. Rgh4 Rxh6 40. Rxh6+ Kg7 41. Rh2 Rh8 42. Rg2+ Kf6 43. Kc2 Rh3 44. Kd2 Rh8 45. Kc3 Ke6 46. d4 c6 47. d5+ cxd5 48. exd5+ Ke7 49. c5 Rc8 50. Rc2 dxc5 51. Kb3 Kd6 52. e4 b6 53. b5 Rg8 54. Kc4 Rg4 55. Re2 f5 56. Kd3 f4 57. Rh2 Rg3+ 58. Kc4 Rg7 59. Rh6+ Kd7 60. d6 f3 61. Rf6 f2 62. Rxf2 Kxd6 63. Rf6+ Kd7 64. Kd5 Re7 65. Rd6+ Kc7 66. Rc6+ Kd7 67. a5 bxa5 68. Kxc5 Re6 69. Ra6 Rxa6 70. bxa6 a4 71. Kb4 a3 72. Kxa3 Kc6 73. Kb4 Kb6 74. Kc4 Kxa6 75. Kd5 Kb5 76. Kxe5 a6 77. Kd4 a5 78. Kc3 a4 79. e5 Kc5 1/2-1/2

[Event "Madrid San Viator op-B 27th"]
[Site "Madrid"]
[Date "2016.10.16"]
[Round "5"]
[White "Santos Burkholz, Mario"]
[Black "Mora Gonzalez Rojas, Francisco"]
[Result "1-0"]
[WhiteElo "1471"]
[BlackElo "1283"]
[PlyCount "101"]
[EventDate "2016.09.25"]
[EventType "swiss"]
[EventRounds "9"]
[EventCountry "ESP"]
[SourceTitle "EXT 2017"]
[Source "ChessBase"]
[SourceDate "2016.10.25"]
[SourceVersion "1"]
[SourceVersionDate "2016.10.25"]
[SourceQuality "1"]

1. e4 e5 2. Nf3 d6 3. d4 exd4 4. Nxd4 Nf6 5. Nc3 Bg4 6. f3 Bh5 7. Bc4 h6 8. 0-0 Be7 9. Nf5 0-0 10. Qe1 Bg6 11. Nxe7+ Qxe7 12. Qg3 Kh7 13. Ne2 Nh5 14. Qf2 Nd7 15. Be3 Ne5 16. Bb3 c5 17. a3 f5 18. exf5 Bf7 19. Bxf7 Rxf7 20. g4 Nf6 21. Nf4 g5 22. Ne6 Nd5 23. Rad1 Nxe3 24. Qxe3 Nc4 25. Qc3 Ne5 26. Rfe1 a6 27. Kg2 Re8 28. Rd5 b6 29. Red1 Qb7 30. h3 Rd7 31. Qxe5 dxe5 32. Rxd7+ Qxd7 33. Rxd7+ Kh8 34. Rd8 Rxd8 35. Nxd8 Kg7 36. Kf2 Kf6 37. Ke3 Ke7 38. Ne6 a5 39. Ke4 Kd6 40. a4 c4 41. b3 cxb3 42. cxb3 Ke7 43. Kxe5 Kf7 44. f6 Ke8 45. f4 gxf4 46. Nxf4 Kf7 47. Kf5 Kf8 48. Ke6 Ke8 49. f7+ Kf8 50. Kf6 h5 51. Ng6# 1-0

[Event "Madrid San Viator op-B 26th"]
[Site "Madrid"]
[Date "2016.05.15"]
[Round "6"]
[White "Mora Gonzalez Rojas, Francisco"]
[Black "Gallego Romero, Manuel"]
[Result "0-1"]
[WhiteElo "1253"]
[BlackElo "1439"]
[PlyCount "148"]
[EventDate "2016.04.03"]
[EventType "swiss"]
[EventRounds "9"]
[EventCountry "ESP"]
[SourceTitle "EXT 2017"]
[Source "ChessBase"]
[SourceDate "2016.10.25"]
[SourceVersion "1"]
[SourceVersionDate "2016.10.25"]
[SourceQuality "1"]

1. e4 e5 2. Nf3 Nc6 3. Bc4 d6 4. h3 h6 5. 0-0 Nf6 6. d3 Na5 7. Bb5+ c6 8. Ba4 b5 9. Bb3 Nxb3 10. axb3 b4 11. Be3 a5 12. Nbd2 Be7 13. Nc4 c5 14. Qe2 0-0 15. Rfd1 Be6 16. Kf1 Qc7 17. Bd2 Bxc4 18. bxc4 Nd7 19. b3 f5 20. Nh2 f4 21. f3 Nb8 22. Be1 Nc6 23. Bf2 Qd8 24. Qe1 Qe8 25. Bh4 g5 26. Bf2 Qg6 27. Rd2 Nb8 28. Bg1 Nd7 29. Bf2 Nf6 30. Ng4 Nd7 31. h4 Qh5 32. hxg5 Bxg5 33. Ke2 Qg6 34. Bh4 h5 35. Bxg5 Qxg5 36. Nf2 Qxg2 37. Qg1 Qxg1 38. Rxg1+ Kh7 39. Rh1 Nf6 40. Ng4 Kg6 41. Nxf6 Rxf6 42. Rdd1 Kh6 43. Rdg1 Rg6 44. Rxg6+ Kxg6 45. Rg1+ Kf6 46. Kd2 Rh8 47. Ke2 h4 48. Kf2 Rh5 49. Kg2 Rg5+ 50. Kh2 Kg6 51. Rg2 Kh5 52. Kh3 Rg3+ 53. Rxg3 hxg3 54. Kg2 Kh4 55. Kg1 Kh3 56. Kh1 Kh4 57. Kg2 Kg5 58. Kh3 Kf6 59. Kg2 Ke6 60. Kg1 Kd7 61. Kg2 Kc6 62. Kg1 Kb6 63. Kg2 a4 64. bxa4 Ka5 65. Kg1 Kxa4 66. Kg2 Ka3 67. Kg1 Kb2 68. Kf1 Kxc2 69. Ke2 b3 70. Ke1 b2 71. Ke2 Kb3 72. Kd2 b1Q 73. Ke2 Qc2+ 74. Kf1 Qf2# 0-1